[Event "CHN-ch Blitz Open 2018"]
[Site "Tianjin"]
[Date "2018.06.07"]
[Round "4"]
[White "Xu, Xiangyu"]
[Black "Wei, Yi"]
[Result "1/2-1/2"]
[WhiteElo "2581"]
[BlackElo "2734"]
[Annotator "TA"]
[PlyCount "129"]
[EventDate "2018.06.07"]
[EventType "blitz"]
[EventRounds "9"]
[EventCountry "CHN"]
[SourceTitle "playchess.com"]
[Source "ChessBase"]
[SourceQuality "1"]

{[%evp 12,129,19,-9,-9,-9,-22,-16,-14,0,0,-16,-35,-37,-61,-222,-41,-68,0,0,0,0,0,-21,200,189,177,170,189,172,189,180,142,81,232,35,52,34,47,74,112,97,98,0,0,0,0,0,0,0,14,39,37,0,0,0,33,0,0,0,0,0,0,0,0,0,0,0,0,0,0,0,26,68,189,175,189,189,189,76,76,76,76,76,29992,109,188,144,213,110,247,0,253,0,246,239,228,189,245,76,76,0,554,558,281,281,274,274,248,241,12839,12839,12840,12840,12843,12843,12848,12842,12847,12847]} 1. d4 Nf6 2. c4 e6 3. g3 d5 4. Bg2 Bb4+ 5. Nd2 O-O 6. Ngf3 dxc4 7. O-O b5 {E04: Open Catalan: 5 Nf3} 8. a4 c6 9. axb5 (9. Ne1 Nd5 10. e4 Nb6 11. a5 N6d7 12. e5 Bb7 13. Ne4 Na6 14. Bg5 {½-½ (44) Wang,H (2709)-Ding,L (2777) Huaian 2017}) 9... cxb5 {The position is equal.} 10. Ng5 Nd5 11. e4 $1 {[%cal Re4d5]} Nc7 (11... Qxg5 12. exd5 Bb7 13. Nxc4 $1 $16 {[%mdl 512]}) 12. Nxh7 ({Much weaker is} 12. Qh5 h6 $17) 12... Kxh7 13. Qh5+ Kg8 14. e5 $1 {[#] Black must now prevent Ne4.} Nd7 $146 ({Better is} 14... Qe8 $15 15. Bxa8 Nxa8 16. Rxa7 Bxd2 17. Bxd2 Nb6) ({Predecessor:} 14... Bxd2 15. Bxd2 {0-1 (30) Wang,K (2367)-Friedel,J (2528) Madison 2017}) 15. Bxa8 Nxa8 16. Rxa7 Nc7 17. Ne4 f6 $2 (17... Be7 $1 $11) 18. exf6 $1 $18 Nxf6 19. Nxf6+ Rxf6 20. Bg5 Be7 21. Bxf6 Bxf6 22. Qc5 (22. Rd1 $142 $1) 22... Nd5 $2 (22... Bxd4 $16 23. Rd1 (23. Qxc7 Bxf2+ 24. Kg2 Qd5+ 25. Kxf2 Qd4+ 26. Kg2 Qe4+ 27. Kg1 Qd4+ 28. Rf2 Qd1+ 29. Kg2 Qd5+ 30. Kg1 Qd1+ 31. Rf1 Qd4+ 32. Kg2 Qd5+ 33. Rf3 Qd2+ 34. Kh3 Qh6+ 35. Kg2 Qd2+ 36. Rf2 Qd5+ 37. Kg1 Qd1+ $11) 23... Bxf2+ 24. Kxf2 Qxd1) 23. Ra8 $2 (23. Rfa1 $18) 23... Nb6 $14 24. Rb8 Bxd4 25. Qc6 Kh7 26. Qe4+ g6 27. Rd1 (27. Ra1 $1 $16 {[%cal Ra1a7]} Qf6 28. Qh4+ Qxh4 29. gxh4) 27... Bxf2+ $11 28. Kxf2 Qxd1 29. Rxb6 {[%mdl 4096] Endgame KQR-KQB} Qd2+ 30. Kg1 Qd1+ 31. Kg2 {Strongly threatening Rb8.} Qd2+ 32. Kf1 Qd1+ 33. Kf2 Qd2+ 34. Qe2 Qd4+ 35. Qe3 Qxb2+ 36. Kg1 Qb1+ 37. Kg2 {And now Rb8 would win.} Qc2+ 38. Kg1 Qd1+ 39. Kf2 Qc2+ 40. Qe2 Qf5+ 41. Kg1 Bd7 42. Qf2 {aiming for Rb7.} Kh6 (42... Kg8 $1 $14) 43. Rd6 $1 $18 Be8 44. Qe3+ Kh7 45. Rxe6 (45. Qxe6 $18 {is the precise move to win.} Qc5+ 46. Kg2) 45... Bf7 $16 46. Re4 $1 Kg8 47. Qd4 Qc8 $2 {[%mdl 8192]} (47... b4 $16) 48. Re7 $2 (48. Rh4 {mates} Be8 49. Rh8+ Kf7 50. Qe5 Qc5+ 51. Qxc5 Kf6 52. Rxe8 g5 53. Re7 Kg6 54. g4 Kh6 55. Qd6#) 48... Qf5 (48... Qa6 $16 {keeps fighting.}) 49. Rd7 {Rd8+ is the strong threat.} Qb1+ (49... Qe6 $16) 50. Kg2 ({Only move:} 50. Kf2 $1 $18 {White threatens Rd8+ and mate.} Qa2+ 51. Ke3 Qa3+ 52. Ke2 Qa2+ 53. Ke1 Qb1+ 54. Kd2 Qa2+ 55. Ke3 Qa3+ 56. Ke2 Qa2+ 57. Qd2) 50... Qc2+ (50... Qe1 $16) 51. Kg1 {White wants to mate with Rd8+.} Qb1+ 52. Kg2 {Threatening mate with Rd8+.} Qc2+ 53. Kf3 {Intending Rd8+ and mate.} Qf5+ 54. Ke2 {Hoping for Rd8+.} Kh7 (54... g5 {is a better defense.} 55. Rd8+ Kh7) 55. Qh4+ $2 (55. Rb7 $18) 55... Kg7 {[#]} 56. Qd4+ (56. Qe7 $1 $16) 56... Qf6 $2 {[%mdl 8192] [#]} (56... Kh7 $1 $11 {and Black is okay.}) 57. Qxf6+ $1 $18 Kxf6 {KR-KB} 58. Rb7 Be8 59. Kd2 Kf5 60. Kc3 Kg4 $2 (60... Bc6 61. Rc7 Be8) 61. Re7 {White is clearly winning.} Bc6 62. Re6 Bd5 63. Rxg6+ Kf5 64. Rd6 Ke5 65. Rb6 {[%mdl 32768] Precision: White = 54%, Black = 45%. . An unexpected result.} 1/2-1/2

[Event "CHN-ch Blitz Open 2018"]
[Site "Tianjin"]
[Date "2018.06.07"]
[Round "4"]
[White "Gao, Rui"]
[Black "Yu, Yangyi"]
[Result "0-1"]
[WhiteElo "2561"]
[BlackElo "2759"]
[Annotator "TA"]
[PlyCount "76"]
[EventDate "2018.06.07"]
[EventType "blitz"]
[EventRounds "9"]
[EventCountry "CHN"]
[SourceTitle "playchess.com"]
[Source "ChessBase"]
[SourceQuality "1"]

{[%evp 17,76,8,20,17,52,40,38,16,38,3,1,0,8,-13,45,41,41,42,43,0,0,0,0,0,10,0,0,0,0,0,0,0,0,0,0,-22,0,-68,-74,-74,-69,-130,-122,-124,-127,-231,-179,-324,-138,-211,-152,-142,-119,-137,-119,-2228,-2304,-2214,-2276,-2318,-2170]} 1. e4 e6 2. d4 d5 3. Nd2 c5 4. Ngf3 cxd4 5. Nxd4 Nf6 6. exd5 Nxd5 7. N2f3 {C07: Französische Verteidigung (Tarrasch-Variante)} Bb4+ (7... a6 8. Bd3 Bd6 9. O-O O-O 10. Qe2 h6 11. Bd2 Re8 12. Rfe1 Nd7 13. Nf5 Bf8 {½-½ (33) Mamedov,R (2680)-Najer,E (2706) Kocaeli 2017}) 8. Bd2 O-O 9. c3 Be7 {LiveBook: 3 Partien} 10. Bd3 b6 11. O-O $146 ({Vorgänger:} 11. Qc2 Nf6 12. Bg5 Bb7 13. Bxf6 Bxf6 14. Bxh7+ Kh8 {1-0 (33) Dragnev,V (2466)-Padmini,R (2325) Caleta 2018}) 11... Bb7 12. Qe2 {Schwarz muss nun De4 beachten.} Nc6 13. Rad1 Nxd4 14. Nxd4 {Schwarz sollte De4 verhindern.} Bf6 15. Bb1 Bxd4 (15... Qc7 $11) 16. Qe4 $14 {[%csl Gb1][%cal Re4h7] [#]} Nf6 17. Qxb7 {Droht stark Le3.} Bc5 18. b4 Bd6 19. g3 Qe7 20. Qf3 Rac8 21. Bg5 {Und Dd3 würde nun gewinnen.} Rfd8 22. a3 h6 23. Bc1 Be5 24. Rxd8+ Qxd8 25. Rd1 Qc7 26. Bd2 Rd8 27. Be1 (27. Bd3 $11) 27... Rxd1 $15 28. Qxd1 Nd5 29. Qd3 (29. Be4 $15) 29... Bxc3 $17 30. Bxc3 Qxc3 31. Qh7+ (31. Qxc3 $17 {war einen Versuch wert.} Nxc3 32. Bd3) 31... Kf8 $19 {zielt auf ...f5 ab.} 32. Be4 (32. Qd3 $142) 32... Ke7 ({Weniger gut wäre} 32... Qxa3 33. Bxd5 Qa1+ 34. Kg2 $17) (32... Nf6 $19 33. Qh8+ Ke7) 33. Bg2 (33. Bxd5 $17 exd5 34. Qh8) 33... a5 34. Bxd5 exd5 {[%cal Be6d5,Bd5e4][%mdl 32]} 35. bxa5 bxa5 36. Qf5 $2 {[%mdl 8192] [#]} (36. Qh8 $17) 36... Qe1+ $1 {Schwarz steht klar auf Gewinn.} 37. Kg2 Qe4+ 38. Qxe4+ dxe4 {Precision: Weiß = 23%, Schwarz = 49%.} 0-1

[Event "CHN-ch Blitz Open 2018"]
[Site "Tianjin"]
[Date "2018.06.07"]
[Round "4"]
[White "Liu, Yan"]
[Black "Ma, Zhonghan"]
[Result "1-0"]
[WhiteElo "2505"]
[BlackElo "2489"]
[Annotator "TA"]
[PlyCount "68"]
[EventDate "2018.06.07"]
[EventType "blitz"]
[EventRounds "9"]
[EventCountry "CHN"]
[SourceTitle "playchess.com"]
[Source "ChessBase"]
[SourceQuality "1"]

{[%evp 18,68,6,0,0,0,0,-1,-1,-17,-7,-7,-5,-20,0,-5,10,13,17,17,24,4,12,6,25,0,28,0,0,0,0,0,0,0,0,0,0,0,27,27,32,32,331,331,347,341,374,341,333,347,337,327,429]} 1. Nf3 Nf6 2. c4 e6 3. g3 d5 4. Bg2 Be7 5. b3 O-O 6. Bb2 b6 7. O-O Bb7 8. Ne5 Nbd7 9. d4 {A14: Reti-Eröffnung} c5 10. cxd5 {LiveBook: 3 Partien} Nxd5 11. Nxd7 {Die Stellung ist ausgeglichen.} (11. dxc5 Nxe5 12. Bxe5 Bxc5 13. Nc3 Nxc3 14. Bxc3 Qe7 {½-½ (86) Nguyen,D (2487)-Kravtsiv,M (2589) Mumbai 2015}) 11... Qxd7 12. dxc5 Bxc5 13. a3 $146 ({Vorgänger:} 13. Nc3 Rfd8 14. Nxd5 Bxd5 15. e4 Bb7 16. Qg4 e5 17. Qxd7 Rxd7 18. Bxe5 {½-½ (25) Schneider,L (2415)-Setterqvist,K (2320) Gothenburg 1990}) 13... Rad8 14. b4 Be7 15. Qb3 Bf6 16. Rd1 {[#] Droht stark Lxf6.} Bxb2 17. Qxb2 Qe7 {Und weiter mit ...Sf4! wäre nett.} (17... Qc8 {keeps more tension.} 18. Rc1 Qa8 19. Nd2 Rd7 20. Nc4 Ne7) 18. Nd2 Nf6 19. Bxb7 Qxb7 20. Nf3 Qe4 21. Qe5 h6 22. Rac1 Rxd1+ 23. Rxd1 Rc8 24. Qxe4 Nxe4 $11 {[%mdl 4096] Endspiel KTS-KTS} 25. Rd7 Rc1+ 26. Kg2 Rc2 27. Nd4 Rd2 28. Kf3 f5 29. Ke3 Ra2 $2 {[%mdl 8192] [#]} (29... e5 $14 30. Rd8+ Kf7) 30. Rxa7 $18 Nc3 31. Kd3 ({Nicht} 31. Nxe6 Rxe2+ 32. Kd3 Rxe6 $16) 31... Nd1 32. Nxe6 Nxf2+ {Weiß hat entscheidenden Vorteil.} 33. Ke3 Ng4+ 34. Kf4 Nxh2 {Precision: Weiß = 66%, Schwarz = 35%.} 1-0

[Event "CHN-ch Blitz Open 2018"]
[Site "Tianjin"]
[Date "2018.06.07"]
[Round "4"]
[White "Fang, Yuxiang"]
[Black "Xu, Yi"]
[Result "1/2-1/2"]
[WhiteElo "2499"]
[BlackElo "2534"]
[Annotator "TA"]
[PlyCount "55"]
[EventDate "2018.06.07"]
[EventType "blitz"]
[EventRounds "9"]
[EventCountry "CHN"]
[SourceTitle "playchess.com"]
[Source "ChessBase"]
[SourceQuality "1"]

{[%evp 21,55,0,10,6,0,-14,0,0,0,0,0,0,0,0,0,-7,-20,-26,-20,-31,-34,-34,0,-35,-30,-31,-28,-40,0,-39,0,-34,0,-42,0,-29]} 1. d4 Nf6 2. c4 e6 3. Nf3 d5 4. Nc3 Bb4 5. Bg5 h6 6. Bxf6 Qxf6 7. Qb3 c5 8. cxd5 exd5 9. a3 Bxc3+ 10. Qxc3 b6 {D38: Queen's Gambit Declined: Ragozin Defence (4 Nf3 Bb4)} (10... c4 11. b3 Be6 12. Ne5 O-O 13. e3 Nc6 14. Be2 Nxe5 15. dxe5 Qg6 16. O-O d4 17. exd4 cxb3 18. Bf3 {0-1 (32) Dreev,A (2648)-Carlsen,M (2822) Tbilisi 2017}) 11. e3 Nd7 {LiveBook: 3 Games} 12. Bb5 O-O 13. dxc5 $146 (13. O-O {with more complications.} a6 14. Ba4 c4 15. Bc2 Bb7 16. b3) ({Predecessor:} 13. O-O a6 14. Be2 Bb7 15. Rfc1 c4 16. a4 b5 17. b3 Rfe8 18. Nd2 Qd6 19. bxc4 bxc4 {1-0 (36) Van Wely,L (2683)-Battaglini,G (2407) Orlando 2011}) 13... Qxc3+ 14. bxc3 {Threatens to win with c6.} Nxc5 15. Nd4 Bd7 16. a4 Rac8 17. f3 a6 18. Bxd7 Nxd7 19. Kd2 Ne5 20. Rab1 Nc4+ 21. Kd3 Ne5+ 22. Kd2 Rfe8 {White must now prevent ...Nc4+.} 23. Rhe1 Nc4+ 24. Kd3 Ne5+ 25. Kd2 Nc4+ 26. Kd3 Ne5+ 27. Kd2 Nc4+ 28. Kd3 {Precision: White = 66%, Black = 48%.} 1/2-1/2

[Event "CHN-ch Blitz Open 2018"]
[Site "Tianjin"]
[Date "2018.06.07"]
[Round "4"]
[White "Wan, Yunguo"]
[Black "Wen, Yang"]
[Result "1-0"]
[WhiteElo "2499"]
[BlackElo "2596"]
[Annotator "TA"]
[PlyCount "80"]
[EventDate "2018.06.07"]
[EventType "blitz"]
[EventRounds "9"]
[EventCountry "CHN"]
[SourceTitle "playchess.com"]
[Source "ChessBase"]
[SourceQuality "1"]

{[%evp 14,80,19,-11,-14,-19,-25,-16,-14,-40,-9,-35,-8,-10,-14,-32,-10,-57,-8,-68,0,0,14,-18,-19,-48,89,43,150,145,192,171,184,196,284,229,350,362,806,359,353,341,325,324,382,354,411,386,436,429,431,407,416,422,457,432,657,649,724,708,1277,1245,5265,1668,1585,1578,1372,1295,1499]} 1. e4 e5 2. Nf3 Nc6 3. Bc4 Nf6 4. d3 Bc5 5. c3 d6 6. Bb3 O-O 7. Nbd2 Ne7 {C54: Giuoco Piano: 4 c3 Nf6, main lines with 5 d4 and 5 d3} (7... Be6 8. O-O Bxb3 9. Qxb3 Rb8 10. h3 Re8 11. Re1 Qd7 12. Nf1 Bb6 13. Ng3 Qe6 14. Qc2 h6 15. Nh4 {½-½ (36) Radjabov,T (2724)-Carlsen,M (2881) Dubai 2014}) (7... h6 8. O-O Re8 9. Re1 Be6 10. Nf1 Bxb3 11. Qxb3 Rb8 12. Ng3 Re6 13. h3 a6 14. Nf5 d5 15. Qc2 Bf8 16. Bd2 {½-½ (65) Wan,Y (2486)-Wen,Y (2605) Shenzhen 2017}) 8. d4 {LiveBook: 3 Games} exd4 9. cxd4 Bb6 {The position is equal.} 10. O-O Bg4 11. Qc2 $146 ({Predecessor:} 11. e5 dxe5 12. dxe5 Nfd5 13. h3 Bh5 14. Nc4 Nc6 15. g4 {1-0 (31) Berezjuk,S (2435)-Vasilev,M (2115) Bratislava 1993}) 11... Nc6 12. d5 Nb4 13. Qc4 a5 14. h3 Bh5 15. Re1 Re8 16. Ba4 {[#]} ({White should try} 16. a3 $11 a4 17. Qxb4 (17. axb4 axb3 18. Ra3 Bg6 $11) 17... axb3 18. Qxb3) 16... Re7 ({Better is} 16... c6 $1 $15 {[%mdl 512]} 17. dxc6 Nxc6) 17. a3 $36 {[%mdl 2048] White has good play.} Na6 18. Nh4 Nc5 19. Bc2 Nxd5 {[#]} (19... c6 $15 {stays ahead.} 20. dxc6 bxc6) 20. g4 $1 $16 ({Weaker is} 20. Qxd5 Re5 $17) (20. b4 axb4 21. Nf5 Re5 $15) 20... Re6 (20... Nf4 $1 $14 21. gxh5 d5) 21. Ng2 (21. gxh5 Qxh4 22. Nf3 Qf6 $19) ({Much worse is} 21. Qxd5 Re5 $11) 21... Nf6 22. gxh5 Nxh5 23. Nf3 Rg6 (23... Nd7 {might work better.} 24. Qe2 Qf6) 24. e5 Re6 (24... d5 {was called for.} 25. Qh4 Qxh4 26. Nfxh4 Re6) 25. Ng5 $18 d5 $2 (25... g6 26. Nxe6 Nxe6) 26. Qg4 (26. Bxh7+ $142 Kf8 27. Nxe6+ Nxe6 28. Qg4) 26... g6 27. Nxe6 Nxe6 28. Be3 d4 29. Rad1 c5 30. Bb3 Nhg7 31. Bh6 Nf5 32. Bxe6 fxe6 33. Bg5 Qe8 {White is clearly winning.} 34. Bf6 c4 (34... Rc8 $142 35. Nh4 Nxh4 36. Qxh4 Bd8) 35. Nh4 Nxh4 36. Qxh4 Qd7 37. Re4 Qb5 38. Rg4 {Intending Rxg6+! and mate.} Qe8 39. Rgxd4 Bxd4 40. Qxd4 Rc8 {Precision: White = 53%, Black = 20%.} 1-0

[Event "CHN-ch Blitz Open 2018"]
[Site "Tianjin"]
[Date "2018.06.07"]
[Round "4"]
[White "Lou, Yiping"]
[Black "Zeng, Chongsheng"]
[Result "1-0"]
[WhiteElo "2484"]
[BlackElo "2532"]
[Annotator "TA"]
[PlyCount "81"]
[EventDate "2018.06.07"]
[EventType "blitz"]
[EventRounds "9"]
[EventCountry "CHN"]
[SourceTitle "playchess.com"]
[Source "ChessBase"]
[SourceQuality "1"]

{[%evp 23,81,16,0,6,13,10,72,38,69,75,114,84,76,59,162,146,162,52,49,-26,-19,-14,-14,-75,-84,-60,-65,-218,-210,-192,-185,-159,0,0,737,737,726,733,699,711,746,739,970,959,935,924,1127,894,29968,29965,29965,905,807,0,12837,5143,29980,29980,29987,29988]} 1. d4 d5 2. c4 e6 3. Nc3 Bb4 4. e3 Nf6 5. a3 Bxc3+ 6. bxc3 O-O 7. cxd5 exd5 8. Bd3 c5 9. Ne2 Nc6 10. O-O Qc7 11. f3 Re8 12. Ng3 b6 13. Ra2 {E49: Nimzo-Indian: Rubinstein: 5 Bd3 d5 6 a3 Bxc3+ 7 bxc3} h5 14. Re2 g6 $146 (14... Be6 $11) ({Predecessor:} 14... Bd7 15. Qe1 Rac8 16. Bb2 Ne7 17. Qb1 Qc6 18. Nh1 Qa4 19. e4 Bb5 {0-1 (52) Krush,I (2461)-Hansen,E (2415) Lubbock 2010}) 15. Bb2 {White is better.} h4 16. Nh1 Ne7 17. e4 Nh5 18. Bc1 dxe4 (18... Bd7 $14) 19. fxe4 $18 c4 20. Qa4 (20. Bc2 $18) 20... Bg4 $14 21. Bxc4 (21. Qxc4 $14 Qxc4 22. Bxc4 Bxe2 23. Bxe2) 21... Bxe2 $11 22. Bxe2 Qxc3 {And now ...Nc6 would win.} 23. Bxh5 (23. Nf2 $11 {remains equal.}) 23... gxh5 $17 24. Nf2 {[%cal Bh1f2,Bf2e4,Be4f6][%mdl 32]} Ng6 {Hoping for ...h3!} 25. e5 $2 (25. Bg5 $15) 25... Red8 $1 $19 26. Rd1 Rac8 27. Bg5 Rd5 $2 (27... Rc4 $1 $17 {[%cal Rc4a4]} 28. Qxa7 Rcxd4 $1 {[%mdl 512]}) 28. Ne4 $11 Qc6 $2 {[%mdl 8192]} ({Don't go for} 28... Qc2 $2 29. Nf6+ Kg7 30. Qxc2 $18) (28... Qa5 $11 29. Nf6+ Kg7 30. Nxh5+ (30. Qb3 Rxd4 31. Rf1 Qc5 $17) 30... Kf8 31. Qxa5 Rxa5) 29. Nf6+ $18 Kg7 30. Qxc6 Rxc6 31. Nxd5 Rc2 32. Rc1 Ra2 33. Bf6+ Kh6 34. Rc7 Rd2 35. Rxf7 Rxd4 36. Ne3 {[%cal Re3f5]} Rf4 37. Bg7+ (37. e6 $142 a6 38. Bg7+ Kg5 {[#]} 39. e7 $1 {[%mdl 512]} Nxe7 40. Rxe7 Kg6 41. Be5 Rf8 42. Rg7+ Kh6 43. Rb7) 37... Kg5 38. Bf6+ Kh6 39. e6 h3 40. gxh3 Rf3 41. Bg7+ {Precision: White = 46%, Black = 37%.} 1-0

[Event "CHN-ch Blitz Open 2018"]
[Site "Tianjin"]
[Date "2018.06.07"]
[Round "4"]
[White "Ye, Rongguang"]
[Black "Peng, Xiongjian"]
[Result "0-1"]
[WhiteElo "2461"]
[BlackElo "2427"]
[Annotator "TA"]
[PlyCount "70"]
[EventDate "2018.06.07"]
[EventType "blitz"]
[EventRounds "9"]
[EventCountry "CHN"]
[SourceTitle "playchess.com"]
[Source "ChessBase"]
[SourceQuality "1"]

{[%evp 9,70,-8,15,-10,-3,-19,-17,-25,26,-1,12,0,7,0,3,0,5,-5,22,11,12,12,51,18,43,28,22,23,19,-31,54,43,41,46,54,54,106,25,24,-63,-53,-197,-177,-203,0,0,0,0,0,0,0,0,14,0,0,-375,-251,-29995,-29996,-29996,-29997,-29997,-29998]} 1. d4 Nf6 2. Nc3 d5 3. Bg5 h6 4. Bxf6 exf6 5. e3 Be6 (5... c6 6. Bd3 f5 7. Qd2 g6 8. Nce2 Nd7 9. c4 {½-½ (9) Laznicka,V (2670)-Erdos,V (2615) Jerusalem 2015}) 6. g3 {D01: Veresov Opening} c6 $146 ({Predecessor:} 6... Bb4 7. Nge2 O-O 8. Bg2 Nc6 9. O-O a6 10. a3 Be7 {0-1 (39) Holmquist,M (538)-Pehl,F (964) LSS email 2012}) 7. Bg2 Bd6 8. Nge2 {The position is equal.} h5 (8... O-O $142) 9. h4 Nd7 {[%cal Bb8d7,Bd7f6,Bf6e4][%mdl 32]} 10. Qd3 f5 11. Nf4 Nf6 12. Nce2 Ne4 13. c3 Qa5 14. Bf3 g6 15. Kf1 O-O-O 16. a4 Rdg8 17. b4 Qc7 18. Qc2 Bd7 19. c4 Bxb4 ({Better is} 19... dxc4 $1 $15 20. Kg2 g5 21. hxg5 Nxg5) 20. cxd5 $14 Nd2+ 21. Kg2 {And now Nd3 would win.} Nxf3 22. Kxf3 f6 (22... Bd6 $14) 23. Kg2 (23. dxc6 $16 Qxc6+ 24. Qxc6+ Bxc6+ 25. d5) 23... g5 $11 24. Ne6 (24. Rab1 $11 gxf4 25. Rxb4 fxg3 26. fxg3) 24... Qd6 $15 25. Nc5 (25. Qb3 $15) 25... Qxd5+ $19 26. Kg1 {[#]} gxh4 $2 (26... Bxc5 $1 $19 27. dxc5 Be6) 27. Nf4 $11 Qf3 28. Rxh4 Rg4 29. Rh2 ({Much weaker is} 29. Nxd7 Rxh4 30. gxh4 Rg8+ 31. Kf1 Qh1+ 32. Ke2 Qxa1 $17) 29... Bxc5 $1 30. Qxc5 Rhg8 {[%cal Bh8g8,Bg8g3,Bg3g2][%mdl 32]} 31. Nxh5 {Hoping for a5.} Be6 {Strongly threatening ...Bd5.} 32. Qd6 $2 {[%mdl 8192]} (32. Nf4 $11 {and White is okay.}) 32... Bd5 33. Nf4 $2 {[#]} (33. Qxf6 $19 R4g6 34. Qh4) 33... Rxg3+ $1 {[%mdl 512] Black mates.} 34. fxg3 Rxg3+ 35. Ng2 Rxg2+ {Precision: White = 21%, Black = 48%.} 0-1

[Event "CHN-ch Blitz Open 2018"]
[Site "Tianjin"]
[Date "2018.06.07"]
[Round "4"]
[White "Chen, Qi b"]
[Black "Li, Yankai"]
[Result "1-0"]
[WhiteElo "2432"]
[BlackElo "2435"]
[Annotator "TA"]
[PlyCount "131"]
[EventDate "2018.06.07"]
[EventType "blitz"]
[EventRounds "9"]
[EventCountry "CHN"]
[SourceTitle "playchess.com"]
[Source "ChessBase"]
[SourceQuality "1"]

{[%evp 19,131,20,35,36,43,33,62,44,44,0,0,0,6,1,9,0,45,39,83,86,95,109,102,89,96,68,84,79,154,80,144,129,115,115,160,158,139,163,256,251,557,276,255,267,549,549,927,548,1129,1121,1028,1003,2571,1181,1123,877,945,564,768,90,756,-1201,115,90,92,112,92,10,169,187,179,179,211,182,176,112,139,99,103,0,237,202,457,424,443,389,310,139,139,139,192,185,444,436,444,430,783,768,905,854,986,1223,5210,1522,3663,1814,5934,6083,5727,5725,29968,29967,29952,12843]} 1. e4 e5 2. Nf3 Nc6 3. Bb5 a6 4. Ba4 Nf6 5. O-O Be7 6. Re1 b5 7. Bb3 O-O 8. d4 d6 9. c3 Bg4 10. Be3 h6 {LiveBook: 5 Games. C91: Closed Ruy Lopez: 7...d6 8 c3 0-0 9 d4} (10... exd4 11. cxd4 Na5 12. Nbd2 Nxb3 13. axb3 c5 14. Qc2 Nd7 15. e5 cxd4 16. Bxd4 dxe5 17. Nxe5 Nxe5 18. Bxe5 Re8 19. Bc3 {0-1 (84) Fedoseev,V (2718)-Carlsen,M (2837) Riadh 2017}) 11. Nbd2 Re8 12. h3 Bd7 {White is slightly better.} 13. Bc2 Bf8 14. d5 Ne7 $146 ({Predecessor:} 14... Na5 15. b3 Nb7 16. g4 Nh7 17. Nf1 Be7 18. Qd2 Ng5 19. Nxg5 Bxg5 {1-0 (57) Milko,S-Kolodin,V Kiev 2002}) 15. b3 {[%cal Bb2b3,Bb3b4][%mdl 32]} c6 16. c4 Ng6 17. Bd3 c5 18. a3 Nh5 19. b4 Nhf4 20. Bf1 $1 Rb8 21. Rb1 Qc7 22. Qc2 Rec8 23. Rec1 f6 (23... cxb4 $142 24. axb4 bxc4) 24. Qa2 (24. Kh2 $142) 24... Kh7 (24... Qd8 $142) 25. Nb3 bxc4 26. Bxc4 cxb4 27. Bxa6 Qd8 28. Bxc8 Bxc8 {[#]} (28... Rxc8 {keeps fighting.} 29. Rxc8 (29. axb4 f5 $16) 29... Qxc8) 29. axb4 $1 $18 Rxb4 $2 (29... Qd7 {is a better chance.} 30. Rc4 f5) 30. Na5 (30. Bxf4 $142 Nxf4 31. Qa8) 30... Rxb1 31. Rxb1 Bd7 $2 (31... f5 {is a better defense.} 32. Bxf4 Nxf4) 32. Nc6 Qc8 33. Bxf4 Nxf4 34. Rb8 Qc7 35. Rxf8 Qb6 36. Rb8 Qc5 37. Rb1 Be8 38. Qd2 Bh5 39. Rc1 $2 (39. Nfd4 $18 {and White stays clearly on top.}) 39... Qa3 $2 {[%mdl 8192]} (39... Qxc1+ $16 40. Qxc1 Ne2+ 41. Kh2 Nxc1) 40. Qc3 $4 {[%mdl 8192]} (40. Kh2 $18) 40... Qxc1+ $2 (40... Ne2+ $19 41. Kh2 Nxc3 42. Rxc3 Qxc3) 41. Qxc1 $16 Ne2+ 42. Kf1 Nxc1 {[%mdl 4096] Endgame KBN-KNN} 43. Nd2 (43. g4 $16 Bg6 44. Nd2) 43... Be8 $2 (43... Be2+ $11 {and Black is okay.} 44. Kg1 Ba6) 44. Nc4 $18 Kg8 45. Nxd6 Bd7 46. Nb8 Ba4 47. Nf5 (47. Nc6 $18) 47... Kf7 48. Ke1 Nd3+ 49. Kd2 (49. Ke2 $16 Nf4+ 50. Kf3) 49... Nc5 $2 (49... Nxf2 $11 50. Ng3 g6) 50. f3 Nd7 $2 (50... Nb7 51. g4 Na5) 51. Nxd7 Bxd7 {KB-KN} 52. Nd6+ Ke7 53. Nb7 (53. Nc4 $18) 53... Bb5 $16 54. Ke3 g5 {[#]} (54... Bf1 $16) 55. Nc5 $1 $18 Kd6 $2 (55... h5 56. Nd3 Kd6) 56. Ne6 Ke7 57. Ng7 Kf7 (57... Kd7 $142 58. g4 Bf1) 58. Nf5 Kg6 59. Kd2 h5 60. Kc3 Ba6 61. Kb4 Kf7 62. Ka5 Bf1 63. Ne3 Be2 64. Kb6 g4 65. hxg4 hxg4 66. Nxg4 {Precision: White = 59%, Black = 21%.} 1-0

[Event "CHN-ch Blitz Open 2018"]
[Site "Tianjin"]
[Date "2018.06.07"]
[Round "4"]
[White "Dai, Changren"]
[Black "Xu, Yinglun"]
[Result "1/2-1/2"]
[WhiteElo "2430"]
[BlackElo "2536"]
[Annotator "TA"]
[PlyCount "52"]
[EventDate "2018.06.07"]
[EventType "blitz"]
[EventRounds "9"]
[EventCountry "CHN"]
[SourceTitle "playchess.com"]
[Source "ChessBase"]
[SourceQuality "1"]

{[%evp 23,52,3,22,16,20,16,19,16,46,35,37,0,26,0,0,14,14,-33,-25,-38,-38,-39,0,-20,0,-23,0,-16,0,-24,0]} 1. e4 e6 2. d4 d5 3. Nc3 Nf6 4. e5 Nfd7 5. f4 c5 6. Nf3 Nc6 7. Be3 a6 8. Qd2 b5 9. dxc5 Bxc5 10. Bd3 {C11: Französische Verteidigung} (10. Ne2 O-O 11. Ned4 Qb6 12. c3 b4 13. Bd3 a5 14. O-O Ba6 15. Kh1 Bxd3 16. Qxd3 Qa6 17. Qc2 bxc3 18. bxc3 {½-½ (31) Dominguez Perez,L (2739)-So,W (2788) Saint Louis 2017}) 10... Qb6 11. Bf2 h6 12. O-O Bxf2+ {LiveBook: 9 Partien} 13. Qxf2 Qxf2+ 14. Kxf2 Ke7 15. Ne2 f6 16. exf6+ gxf6 {[#]} 17. Rae1 $146 ({Vorgänger:} 17. Ned4 Nxd4 18. Nxd4 {0-1 (37) Tari,A (2518)-Van Foreest,J (2541) Khanty-Mansiysk 2015}) 17... Kd6 18. Ned4 Nxd4 19. Nxd4 Nc5 20. Ke3 Bd7 21. Kd2 Rag8 22. g3 Re8 23. Bg6 Re7 24. Bd3 Ree8 25. Bg6 Re7 26. Bd3 Ree8 {Precision: Weiß = 21%, Schwarz = 43%.} 1/2-1/2